00285 2200133 4500001002100000005001500021035002000036245003400056300000700090260002200097082000800119084001200127990001200139INLIS00000000000221220250527014340 a0010-0525000504 aIlmuwan Besar /cJhon Frandon a40 bPakar Raya,c2005 a500 a500 ILM a0713259